Discurso pronunciado... como mantenedor de los Juegos Florales celebrados en Jaén el día 21 de octubre de 1920 / (Record no. 134617)

MARC details
000 -LEADER
campo de control de longitud fija 00530nam a2200157 i 4500
001 - NÚMERO DE CONTROL
campo de control 134617
003 - IDENTIFICADOR DE NÚMERO DE CONTROL
campo de control ES-MaACL
005 - FECHA Y HORA DE LA ÚLTIMA TRANSACCIÓN
campo de control 20230906194718.0
007 - CAMPO FIJO DE DESCRIPCIÓN FÍSICA--INFORMACIÓN GENERAL
campo de control de longitud fija t|
008 - DATOS DE LONGITUD FIJA--INFORMACIÓN GENERAL
campo de control de longitud fija 070912s1920 sp ||||1| spa d
100 1# - ENTRADA PRINCIPAL--NOMBRE DE PERSONA
Nombre de persona Yanguas Messía, José de,
Fechas asociadas al nombre 1890-1974
9 (RLIN) 117556
245 10 - MENCIÓN DEL TÍTULO
Título Discurso pronunciado... como mantenedor de los Juegos Florales celebrados en Jaén el día 21 de octubre de 1920 /
Mención de responsabilidad, etc. por José Yanguas Messía.
260 ## - PUBLICACIÓN, DISTRIBUCIÓN, ETC.
Lugar de publicación, distribución, etc. Madrid :
Nombre del editor, distribuidor, etc. [s.n.],
Fecha de publicación, distribución, etc. 1920.
852 ## - LOCALIZACIÓN
Ubicación ES-MaACL
Número de control de estantería 1526-F-7
Holdings
Estatus retirado Estado de pérdida Estado de daño No para préstamo Colección Biblioteca de origen Biblioteca actual Ubicación en estantería Fecha de adquisición Fuente de adquisición Total de préstamos Signatura topográfica completa Código de barras Visto por última vez Precio de reemplazo Tipo de ítem Koha
        Colección de folletos Biblioteca del Ateneo de Madrid Biblioteca del Ateneo de Madrid Depósito folletos 17/01/2008     1526-F-7 1140120 23/02/2023 23/02/2023 Folleto